Normal view
MARC view
Entry Personal Name
001 - CONTROL NUMBER
- control field: 1046766
003 - CONTROL NUMBER IDENTIFIER
- control field: OSt
005 - DATE AND TIME OF LATEST TRANSACTION
- control field: 20260121165034.0
008 - FIXED-LENGTH DATA ELEMENTS
- fixed length control field: 260121|| aca||aabn | a|a d
040 ## - CATALOGING SOURCE
- Original cataloging agency: OSt
- Transcribing agency: OSt
100 ## - HEADING--PERSONAL NAME
- Personal name: Michelle D. Deardorff, James G. Dahl
670 ## - SOURCE DATA FOUND
- Source citation: Work cat.: (OSt)1612491: Michelle D. Deardorff, James G. Dahl, Pregnancy Discrimination and the American Worker
